AQA GCSE computer science. (رقم التسجيلة. 35167)

تفاصيل مارك
000 -الفاتح
حقل البيانات ثابتة الطول 00643nam a22002177a 4500
003 - محدد رقم الضبط
رقم الضبط OSt
005 - وقت وتاريخ اخر تعامل مع التسجيلة
رقم الضبط 20150408114219.0
008 - عناصر البيانات ثابتة الطول - معلومات عامة
حقل البيانات ثابتة الطول 140517s2013 enka g 001 0 eng d
020 ## - الرقم الدولى المعيارى للكتب
الرقم الدولى المعيارى للكتاب 9781444182262
040 ## - مصدر الفهرسة
وكالة الفهرسة الأصلية Ma-Un
082 04 - رقم تصنيف ديوى العشرى
رقم الطبعة 22
رقم التصنيف 004
رقم المادة CSA
100 1# - المدخل الرئيسى - إسم شخصى
الإسم الشخصى Cushing, Steve.
9 (RLIN) 45342
245 10 - بيان العنوان
العنوان AQA GCSE computer science.
اسم جزء/قسم العمل Student's book /
بيان المسئوليه,etc by Steve Cushing.
260 ## - PUBLICATION, DISTRIBUTION, ETC. (IMPRINT)
مكان الناشر او الموزع London :
اسم الناشر او الموزع Hodder Education,
تاريخ النشر أو التوزيع 2013.
300 ## - الوصف المادى
التعداد 224 p. :
تفاصيل ماديه اخرى للوعاء ill. ;
أبعاد الوعاء 26 cm.
500 ## - تبصرة عامة
تبصرة عامة Includes index.
650 ## - المدخل الاضافى بالموضوع-مصطلح موضوعى
مصطلح موضوعي أو اسم جغرافي كعنصر مدخل Computer science
650 ## - المدخل الاضافى بالموضوع-مصطلح موضوعى
مصطلح موضوعي أو اسم جغرافي كعنصر مدخل Computer science
التقسيم الفرعي الشكلي Problems, exercises, etc.
9 (RLIN) 4595
650 ## - المدخل الاضافى بالموضوع-مصطلح موضوعى
مصطلح موضوعي أو اسم جغرافي كعنصر مدخل Computers and IT
9 (RLIN) 45343
942 ## - عناصر المدخل الإضافي( كوها)
مصدر التصنيف او مخطط الترفيف Dewey Decimal Classification
Koha [default] item type كتاب
المقتنيات
حالة الفقد نموذج السعر الفعال حالة تلف ليس للاعارة رقم الطلب رقم النسخة تاريخ الاكتساب مصدر التزويد الموقع الحالي الباركود الفرع الرئيسي Date last seen نوع المادة فى نظام كوها مصدر التصنيف او خطة الترفيف Total Checkouts
  2014-05-17   Not For Loan 004 CSA 1 2014-05-17 دار العرب المكتبة المركزية بالمجمعة (CL) 00211056 المكتبة المركزية بالمجمعة (CL) 2014-05-17 كتاب Dewey Decimal Classification  
  2015-10-13     004 CSA   2015-10-13   المكتبة المركزية بالمجمعة (CL) 00654295 المكتبة المركزية بالمجمعة (CL) 2015-10-13 كتاب Dewey Decimal Classification  
  2015-10-13     004 CSA   2015-10-13   المكتبة المركزية بالمجمعة (CL) 00654296 المكتبة المركزية بالمجمعة (CL) 2015-10-13 كتاب Dewey Decimal Classification  
  2015-10-13     004 CSA   2015-10-13   المكتبة المركزية بالمجمعة (CL) 00654297 المكتبة المركزية بالمجمعة (CL) 2015-10-13 كتاب Dewey Decimal Classification  
  2022-10-17   Not For Loan 004 CSA   2022-10-17   قسم الاجراءات الفنية (IC) 00267080 قسم الاجراءات الفنية (IC) 2022-10-17 كتاب Dewey Decimal Classification  
  2022-10-17   Not For Loan 004 CSA   2022-10-17   مكتبة كلية التربية بالزلفى - طالبات (EZF) 00267076 مكتبة كلية التربية بالزلفى - طالبات (EZF) 2022-10-17 كتاب Dewey Decimal Classification  
  2022-10-17     004 CSA   2022-10-17   مكتبة كلية التربية بالزلفى - طالبات (EZF) 00267077 مكتبة كلية التربية بالزلفى - طالبات (EZF) 2022-10-17 كتاب Dewey Decimal Classification  
  2015-10-17     004 CSA   2015-10-17   مكتبة كلية العلوم الطبية التطبيقية بالمجمعة - طالبات (AMF) 00654629 مكتبة كلية العلوم الطبية التطبيقية بالمجمعة - طالبات (AMF) 2015-10-17 كتاب Dewey Decimal Classification  
  2015-10-17     004 CSA   2015-10-17   مكتبة كلية العلوم الطبية التطبيقية بالمجمعة - طالبات (AMF) 00654630 مكتبة كلية العلوم الطبية التطبيقية بالمجمعة - طالبات (AMF) 2015-10-17 كتاب Dewey Decimal Classification  
  2022-10-17   Not For Loan 004 CSA   2022-10-17   مكتبة مجمع الطالبات بالمجمعة (EMF) 00267078 مكتبة مجمع الطالبات بالمجمعة (EMF) 2022-10-17 كتاب Dewey Decimal Classification  
  2022-10-17     004 CSA   2022-10-17   مكتبة مجمع الطالبات بالمجمعة (EMF) 00267079 مكتبة مجمع الطالبات بالمجمعة (EMF) 2022-10-17 كتاب Dewey Decimal Classification  
  2014-05-17   Not For Loan 004 CSA 1 2014-05-17 دار العرب مكتبة مجمع الكليات بالزلفى - طلاب (SZM) 00211057 مكتبة مجمع الكليات بالزلفى - طلاب (SZM) 2014-05-17 كتاب Dewey Decimal Classification  
  2014-05-17     004 CSA 2 2014-05-17 دار العرب مكتبة مجمع الكليات بالزلفى - طلاب (SZM) 00211058 مكتبة مجمع الكليات بالزلفى - طلاب (SZM) 2014-05-17 كتاب Dewey Decimal Classification